000
00243 a2200085 4500
020
_a
9780128210543
100
_a
Marjan Eggermont, Vikram Shyam, Aloysius Hepp
245
_a
Biomimicry for Materials, Design and Habitats
260
_b
Elsevier Wordmark
999
_c
11370
_d
11370